Formule 1 - Origines des pilotes de 2023 - Statistiques

Statistiques générales
  • Ce quiz a été pris 328 fois
  • Le résultat moyen est 21 sur 22
Statistiques - réponses
Réponse % Correct
Pierre Gasly France
100%
Esteban Ocon France
100%
Oscar Piastri Australie
99%
Daniel Ricciardo Australie
99%
Fernando Alonso Espagne
99%
Carlos Sainz Espagne
99%
Yuki Tsunoda Japon
99%
Charles Leclerc Monaco
99%
Lewis Hamilton Angleterre
98%
Lando Norris Angleterre
98%
George Russell Angleterre
98%
Zhou Guanyu Chine
98%
Max Verstappen Pays-Bas
98%
Nyck de Vries Pays-Bas
98%
Sergio Pérez Mexique
97%
Nico Hülkenberg Allemagne
96%
Lance Stroll Canada
94%
Logan Sargeant États-Unis
94%
Valtteri Bottas Finlande
92%
Alexander Albon Thaïlande
91%
Kevin Magnussen Danemark
87%
Liam Lawson Nouvelle-Zélande
77%
Aucun quiz correspondant
Distribution des résultats
% des personnes avec chaque résultat
Percentile par nombre de réponses
Votre historique - résultats
Vous n’avez pas pris ce quiz